| 000 | 00527nam a2200169 4500 | ||
|---|---|---|---|
| 999 |
_c12569 _d12569 |
||
| 008 | 240221b ||||| |||| 00| 0 eng d | ||
| 040 | _aBMS College of Architecture | ||
| 100 | _aHarshavardhan G M | ||
| 245 | _aKiran Nadar Museum Of Arts | ||
| 300 | _a54p. | ||
| 500 | _a1CF19AT038 | ||
| 502 |
_8B.Arch. _NBMS College of Architecture, Visvesvaraya Technological University (VTU) _aProject report _d2023 |
||
| 650 | _aMuseum | ||
| 700 |
_aMukesh G Kotak _eGuide |
||
| 710 |
_aAnn Innocent Joseph _aGuide |
||
| 942 |
_2ddc _cTHE |
||